[Event "LVI C.to Torinese Assoluto"]
[Site "Torino ITA"]
[Date "2011.11.07"]
[Round "1"]
[White "Barbiso, Tiziana"]
[Black "Pesce, Eugenio"]
[Result "1-0"]
[WhiteElo "2047"]
[BlackElo "1566"]
[PlyCount "55"]
[EventDate "2011.11.07"]

1. e4 e5 2. Nf3 Nc6 3. d4 exd4 4. Nxd4 Nxd4 5. Qxd4 d6 6. Nc3 Be6 7. f4 Nf6 8.
Be3 c5 9. Qd2 a6 10. Be2 Bg4 11. Rd1 Bxe2 12. Qxe2 Qc7 13. O-O Be7 14. Bc1 O-O
15. b3 Rad8 16. Bb2 Rd7 17. Nd5 Nxd5 18. Rxd5 Rfd8 19. Qg4 g6 20. Rfd1 Bf8 21.
c4 Bg7 22. Bxg7 Kxg7 23. f5 Re7 24. Qf4 gxf5 25. Rxf5 Re5 26. Qg5+ Kf8 27. Rxe5
Re8 28. Qh6+ 1-0

[Event "LVI C.to Torinese Assoluto"]
[Site "Torino ITA"]
[Date "2011.11.07"]
[Round "1"]
[White "Cavaliere, Simone"]
[Black "Finocchiaro, Gianluca"]
[Result "0-1"]
[WhiteElo "1859"]
[BlackElo "2077"]
[PlyCount "42"]
[EventDate "2011.11.07"]

1. e4 Nc6 2. Nf3 d5 3. exd5 Qxd5 4. Nc3 Qa5 5. Bb5 a6 6. Bxc6+ bxc6 7. Qe2 Bg4
8. Qe4 Bxf3 9. Qxf3 Qe5+ 10. Kd1 Qd6 11. d3 Nf6 12. Bf4 Qd7 13. Kd2 e6 14. Rae1
Be7 15. h4 O-O 16. Rh3 Nd5 17. Be5 f6 18. Nxd5 cxd5 19. Bf4 e5 20. Qe2 Qa4 21.
Bh2 Qxa2 {seguito non leggibile} 0-1

[Event "LVI C.to Torinese Assoluto"]
[Site "Torino ITA"]
[Date "2011.11.07"]
[Round "1"]
[White "Cordara, Michele"]
[Black "Mantovan, Giuseppe"]
[Result "1-0"]
[WhiteElo "2075"]
[BlackElo "1852"]
[PlyCount "68"]
[EventDate "2011.11.07"]

1. c4 e5 2. g3 g6 3. Bg2 Bg7 4. Nc3 Nc6 5. d3 f5 6. e3 Nf6 7. Nge2 O-O 8. Rb1
a5 9. O-O d6 10. a3 Nh5 11. f4 Be6 12. Nd5 Qd7 13. b4 axb4 14. axb4 Rae8 15. b5
Nd8 16. b6 c6 17. Nc7 Re7 18. fxe5 Bxe5 19. d4 Bg7 20. d5 cxd5 21. cxd5 Bf7 22.
Nd4 Nf6 23. Qc2 Ne4 24. Ndb5 Bh6 25. Kh1 Nf6 26. Ba3 Ng4 27. Nxd6 Nxe3 28. Qc3
Bg7 29. Qc5 Nxg2 30. Nxf7 Rexf7 31. Kxg2 Qa4 32. Rfe1 Qd4 33. Qxd4 Bxd4 34.
Bxf8 Kxf8 1-0

[Event "LVI C.to Torinese Assoluto"]
[Site "Torino ITA"]
[Date "2011.11.07"]
[Round "1"]
[White "Cortese, Alessandro"]
[Black "Pepino, Enrico"]
[Result "1/2-1/2"]
[WhiteElo "2003"]
[BlackElo "2141"]
[PlyCount "35"]
[EventDate "2011.11.07"]

1. d4 Nf6 2. c4 e6 3. Nf3 d5 4. Nc3 Nbd7 5. Bg5 Be7 6. e3 O-O 7. Rc1 c6 8. Bd3
b6 9. cxd5 cxd5 10. O-O Bb7 11. Qe2 Ne4 12. Bf4 a6 13. Nd2 Nxd2 14. Qxd2 b5 15.
Ne2 Rc8 16. Rxc8 Bxc8 17. Rc1 Nf6 18. Qc2 1/2-1/2

[Event "LVI C.to Torinese Assoluto"]
[Site "Torino ITA"]
[Date "2011.11.07"]
[Round "1"]
[White "Di Chiara, Mauro"]
[Black "Faraoni, Enrico"]
[Result "0-1"]
[WhiteElo "1980"]
[BlackElo "2109"]
[PlyCount "60"]
[EventDate "2011.11.07"]

1. d4 d5 2. Nf3 e6 3. c4 c5 4. cxd5 exd5 5. Nc3 Nf6 6. g3 Nc6 7. Bg2 Be7 8. O-O
h6 9. dxc5 Bxc5 10. a3 a6 11. b4 Bb6 12. Bb2 O-O 13. Na4 Ba7 14. Rc1 Re8 15.
Nc5 Ne4 16. Nd3 Bg4 17. h3 Nxg3 18. hxg4 Nxe2+ 19. Kh1 Nxc1 20. Qxc1 Re4 21. g5
Rc8 22. gxh6 Nd4 23. h7+ Kh8 24. Qg5 Qxg5 25. Nxg5 Rh4+ 26. Nh3 Kxh7 27. Bc1
Rc3 28. Ne5 f6 29. Nf7 Ne2 30. Be3 Bxe3 0-1

[Event "LVI C.to Torinese Assoluto"]
[Site "Torino ITA"]
[Date "2011.11.07"]
[Round "1"]
[White "Fassio, Luca"]
[Black "Mazzetta, Renato"]
[Result "1-0"]
[WhiteElo "2101"]
[BlackElo "1939"]
[PlyCount "97"]
[EventDate "2011.11.07"]

1. e4 d5 2. exd5 Qxd5 3. Nc3 Qd6 4. d4 Nf6 5. Nf3 Bg4 6. Be2 c6 7. Bg5 Nbd7 8.
Qd2 e6 9. h3 Bh5 10. a3 Qc7 11. O-O Bd6 12. b4 O-O 13. Na4 Ne4 14. Qc1 Nxg5 15.
Qxg5 Nf6 16. Qc1 Rad8 17. c3 Nd5 18. Nc5 Nf4 19. Bd1 Bg6 20. Nh4 Nd3 21. Nxd3
Bxd3 22. Re1 Bf4 23. Qb2 Qe7 24. Nf3 Qf6 25. Bc2 Bc4 26. Rad1 Bd5 27. Be4 Rfe8
28. Qc2 h6 29. a4 Bc7 30. a5 Bc4 31. g3 a6 32. Kg2 Bd5 33. c4 Bxe4 34. Qxe4 Qe7
35. Rb1 Bd6 36. c5 Bc7 37. Qc2 Rd5 38. Re4 Red8 39. Rbe1 Qf6 40. Qc1 R8d7 41.
Qe3 g5 42. h4 Rf5 43. hxg5 hxg5 44. Rh1 Kg7 45. Qe2 Rdd5 46. Qe3 Qg6 47. Rg4 e5
48. Nh4 Qf6 49. Nxf5+ 1-0

[Event "LVI C.to Torinese Assoluto"]
[Site "Torino ITA"]
[Date "2011.11.07"]
[Round "1"]
[White "Manni, Stefano"]
[Black "Castaldo, Folco"]
[Result "0-1"]
[WhiteElo "2047"]
[BlackElo "2420"]
[PlyCount "114"]
[EventDate "2011.11.07"]

1. e4 c5 2. c3 g6 3. d4 cxd4 4. cxd4 d5 5. e5 Bg7 6. Nc3 f6 7. Bb5+ Bd7 8. exf6
Nxf6 9. Nf3 Nc6 10. Qb3 e6 11. O-O O-O 12. Bxc6 Bxc6 13. Re1 Qd6 14. Ne5 Nd7
15. f4 Nxe5 16. fxe5 Qe7 17. Be3 Rf5 18. Ne2 Raf8 19. Ng3 R5f7 20. Rf1 h5 21.
Qd3 Rxf1+ 22. Rxf1 Rxf1+ 23. Nxf1 Be8 24. Qd2 Qf7 25. Qc1 Bc6 26. Qc2 Bf8 27.
Qf2 Be7 28. Qxf7+ Kxf7 29. Kf2 g5 30. Nd2 Kg6 31. g3 Kf5 32. Kf3 g4+ 33. Kf2
Bb5 34. Nb1 Bd3 35. Nc3 Bb4 36. Bd2 Bxc3 37. Bxc3 Ke4 38. a3 Bc4 39. b4 Kd3 40.
Ba1 Bb5 41. Bb2 Kd2 42. Ba1 Ba4 43. Bb2 Bc2 44. Ba1 Bd3 45. Bb2 b5 46. Ba1 Bh7
47. Bb2 Bg6 48. Ba1 Bf5 49. Bb2 Bd3 50. Ba1 Bc4 51. Bb2 Kc2 52. Ba1 Kb1 53. Bc3
Kc2 54. Ba1 Kb3 55. Ke3 Kxa3 56. Bc3 a5 57. bxa5 b4 0-1

[Event "LVI C.to Torinese Assoluto"]
[Site "Torino ITA"]
[Date "2011.11.07"]
[Round "1"]
[White "Melone, Antonio"]
[Black "Macheda, Andrea"]
[Result "1-0"]
[WhiteElo "2084"]
[BlackElo "1903"]
[PlyCount "97"]
[EventDate "2011.11.07"]

1. d4 Nf6 2. c4 c5 3. d5 b5 4. f3 bxc4 5. e4 d6 6. Bxc4 g6 7. Ne2 Bg7 8. O-O
O-O 9. Nbc3 Nbd7 10. Ng3 Ne5 11. Be2 Qb6 12. Na4 Qc7 13. f4 Ned7 14. Bd2 h5 15.
h4 Nb6 16. Nxb6 Qxb6 17. Bc3 Bg4 18. Bxf6 Bxe2 19. Qxe2 Bxf6 20. e5 Bg7 21. Ne4
dxe5 22. f5 Qb4 23. Rad1 Rab8 24. Rf2 Rb6 25. a3 Qa5 26. fxg6 Rxg6 27. Qxh5 Qa4
28. Nxc5 Qc4 29. Nd3 Qxd5 30. Nf4 Qc5 31. Nxg6 fxg6 32. Qe2 e4 33. Kf1 Rxf2+
34. Qxf2 e3 35. Qe2 Bd4 36. Qd3 Kh7 37. b4 Qe5 38. Qe2 Qh2 39. Qf3 Qxh4 40. Qh3
Qxh3 41. gxh3 e5 42. Ke2 Kg7 43. a4 Kf6 44. Rc1 Kf5 45. a5 Ke4 46. b5 Kd5 47.
Rc6 g5 48. Rg6 Kc5 49. b6 1-0

[Event "LVI C.to Torinese Assoluto"]
[Site "Torino ITA"]
[Date "2011.11.07"]
[Round "1"]
[White "Musso, Maurizio"]
[Black "Gallucci, Alessio"]
[Result "0-1"]
[WhiteElo "2023"]
[BlackElo "2227"]
[PlyCount "70"]
[EventDate "2011.11.07"]

1. e4 e5 2. d4 exd4 3. Nf3 Nc6 4. Bc4 Nf6 5. O-O Bc5 6. e5 d5 7. exf6 dxc4 8.
fxg7 Rg8 9. Bh6 Qf6 10. Qd2 Be6 11. Qg5 Be7 12. Nbd2 O-O-O 13. Ne4 Qxf3 14.
gxf3 Bxg5 15. Nxg5 Bd5 16. Ne4 f5 17. Nf6 Rd6 18. Nxd5 Rxh6 19. Rae1 Rxg7+ 20.
Kh1 Rd6 21. Nf4 b6 22. Rg1 Rxg1+ 23. Kxg1 d3 24. c3 Rd8 25. Kf1 Ne5 26. Ne6 Rd5
27. Nd4 Ng6 28. b4 cxb3 29. axb3 f4 30. Rd1 c5 31. Nb5 Kb7 32. c4 Rd7 33. Nc3
Rd4 34. Nb5 Rd7 35. Nc3 a6 {seguito non leggibile} 0-1

[Event "LVI C.to Torinese Assoluto"]
[Site "Torino ITA"]
[Date "2011.11.07"]
[Round "1"]
[White "Ravazzolo, Gaia"]
[Black "Davi, Alessandro"]
[Result "0-1"]
[WhiteElo "1738"]
[BlackElo "2065"]
[PlyCount "54"]
[EventDate "2011.11.07"]

1. d4 d5 2. Nf3 Nf6 3. c4 e6 4. Nc3 c6 5. cxd5 exd5 6. Bg5 Be7 7. Qc2 Nbd7 8.
e3 O-O 9. Bd3 Re8 10. O-O g6 11. Rab1 Nf8 12. b4 a6 13. Na4 Ne6 14. Bh4 Ng7 15.
Nc5 Ne4 16. Bxe7 Qxe7 17. Na4 Bf5 18. Nc3 Nd6 19. Bxf5 Ngxf5 20. Ne5 f6 21. Nd3
Kg7 22. Qd1 Nc4 23. a4 b5 24. axb5 axb5 25. Ra1 Ncxe3 26. fxe3 Qxe3+ 27. Kh1
Rxa1 0-1

[Event "LVI C.to Torinese Assoluto"]
[Site "Torino ITA"]
[Date "2011.11.07"]
[Round "1"]
[White "Sarno, Spartaco"]
[Black "Fuggetta, Leonardo"]
[Result "1-0"]
[WhiteElo "2330"]
[BlackElo "2043"]
[PlyCount "61"]
[EventDate "2011.11.07"]

1. d4 d6 2. c4 e5 3. Nf3 e4 4. Ng5 f5 5. Nc3 Be7 6. Nh3 c6 7. e3 Nf6 8. Nf4 Na6
9. h4 Nc7 10. d5 Ng4 11. Be2 Ne5 12. g3 O-O 13. Kf1 Ne8 14. b3 Nf6 15. Bb2 Nfg4
16. Kg2 g6 17. Qd2 Re8 18. Rad1 Bf8 19. c5 dxc5 20. dxc6 Qxd2 21. Rxd2 bxc6 22.
Na4 c4 23. bxc4 Ba6 24. Rc1 Red8 25. Rd4 c5 26. Rd5 Nd3 27. Nxd3 Rxd5 28. cxd5
Bxd3 29. Bxg4 fxg4 30. Nxc5 Rc8 31. Nxd3 1-0

[Event "LVI C.to Torinese Assoluto"]
[Site "Torino ITA"]
[Date "2011.11.07"]
[Round "1"]
[White "Sorcinelli, Francesco"]
[Black "Giacometto, Mario"]
[Result "1/2-1/2"]
[WhiteElo "2118"]
[BlackElo "1997"]
[PlyCount "36"]
[EventDate "2011.11.07"]

1. e4 e6 2. d4 d5 3. Nc3 Bb4 4. e5 Ne7 5. Nf3 c5 6. a3 Bxc3+ 7. bxc3 Nbc6 8. a4
Qa5 9. Bd2 c4 10. g3 O-O 11. Bg2 f6 12. exf6 Rxf6 13. O-O Bd7 14. Rb1 b6 15.
Qe2 h6 16. Ne5 Nxe5 17. Qxe5 Qxa4 18. g4 Qc6 1/2-1/2

[Event "LVI C.to Torinese Assoluto"]
[Site "Torino ITA"]
[Date "2011.11.14"]
[Round "2"]
[White "Castaldo, Folco"]
[Black "Melone, Antonio"]
[Result "1/2-1/2"]
[WhiteElo "2420"]
[BlackElo "2084"]
[PlyCount "77"]
[EventDate "2011.11.07"]

1. Nf3 Nf6 2. c4 e6 3. g3 d5 4. Bg2 c6 5. Qc2 Bd6 6. O-O O-O 7. d4 Nbd7 8. Nbd2
Qc7 9. e4 dxe4 10. Nxe4 Nxe4 11. Qxe4 Nf6 12. Qc2 c5 13. Bg5 cxd4 14. Nxd4 Bd7
15. Qb3 Rab8 16. Rad1 a6 17. Qd3 Rfd8 18. Nf5 Be5 19. Ne7+ Kh8 20. f4 Ba4 21.
Nd5 Qc5+ 22. Kh1 Bxb2 23. Qd2 Bxd1 24. Qxb2 Ng4 25. Be7 Qa7 26. Bxd8 Rxd8 27.
h3 exd5 28. hxg4 dxc4 29. Re1 Bxg4 30. Kh2 b5 31. Qd2 Qc7 32. Qb4 h6 33. Re7
Qb6 34. Rxf7 a5 35. Rf8+ Rxf8 36. Qxf8+ Kh7 37. Be4+ g6 38. Qf7+ Kh8 39. Qf8+
1/2-1/2

[Event "LVI C.to Torinese Assoluto"]
[Site "Torino ITA"]
[Date "2011.11.14"]
[Round "2"]
[White "Davi, Alessandro"]
[Black "Fassio, Luca"]
[Result "1-0"]
[WhiteElo "2065"]
[BlackElo "2101"]
[PlyCount "44"]
[EventDate "2011.11.07"]

1. d4 g6 2. g3 Bg7 3. Bg2 d6 4. Nf3 Nf6 5. c4 O-O 6. Nc3 c5 7. O-O Nc6 8. dxc5
dxc5 9. Be3 Be6 10. Qa4 Qb6 11. Qb5 Nd7 12. Ng5 a6 13. Qxb6 Nxb6 14. Nxe6 fxe6
15. Bh3 Nd8 16. Rad1 Kh8 17. Bxc5 Nxc4 18. Ne4 Nxb2 19. Rd7 b5 20. Bxe7 Rg8 21.
Nd6 Nc4 22. Rxd8 Rgxd8 1-0

[Event "LVI C.to Torinese Assoluto"]
[Site "Torino ITA"]
[Date "2011.11.14"]
[Round "2"]
[White "De Barberis, Massimo"]
[Black "Sarno, Spartaco"]
[Result "0-1"]
[WhiteElo "2092"]
[BlackElo "2330"]
[PlyCount "66"]
[EventDate "2011.11.07"]

1. e4 d6 2. Nc3 g6 3. d4 Nf6 4. Nf3 Bg7 5. Bf4 O-O 6. Qd2 c6 7. O-O-O b5 8. Bd3
Qa5 9. Kb1 Rd8 10. e5 b4 11. exf6 bxc3 12. Qxc3 Qxc3 13. bxc3 Bxf6 14. c4 Bg4
15. c3 Nd7 16. Kc2 c5 17. Be3 cxd4 18. cxd4 Rac8 19. Rc1 e5 20. dxe5 dxe5 21.
Nd2 Be7 22. f3 Be6 23. Rb1 Bc5 24. Rhe1 Bxe3 25. Rxe3 Nc5 26. Rb4 Rd6 27. Be2
Bf5+ 28. Ne4 Rd4 29. Kc3 Bxe4 30. fxe4 Nxe4+ 31. Kc2 Rc7 32. Bf3 Nd6 33. Rxe5
Nxc4 0-1

[Event "LVI C.to Torinese Assoluto"]
[Site "Torino ITA"]
[Date "2011.11.14"]
[Round "2"]
[White "Faraoni, Enrico"]
[Black "Barbiso, Tiziana"]
[Result "0-1"]
[WhiteElo "2109"]
[BlackElo "2047"]
[PlyCount "80"]
[EventDate "2011.11.07"]

1. e4 c5 2. Nf3 d6 3. d4 cxd4 4. Nxd4 Nf6 5. Nc3 a6 6. h3 b5 7. g4 Bb7 8. Bg2
e6 9. g5 Nfd7 10. Qe2 Qc7 11. O-O Nc6 12. Nf5 g6 13. Nh6 Bxh6 14. gxh6 Nd4 15.
Qd3 e5 16. Be3 Nc5 17. Qd2 Nce6 18. Rac1 Qd8 19. f4 f5 20. fxe5 dxe5 21. Nd5 f4
22. c3 Nc6 23. Rcd1 O-O 24. Qe2 Qh4 25. Bf2 Qxh6 26. Qg4 Bc8 27. Nb6 f3 28.
Nxc8 Nf4 29. Bg3 fxg2 30. Rxf4 exf4 31. Qe6+ Kh8 32. Be1 f3 33. Nd6 Qf4 34. Bf2
Rad8 35. e5 Nxe5 36. Qxe5+ Qxe5 37. Nf7+ Rxf7 38. Rxd8+ Kg7 39. Bd4 Qxd4+ 40.
Rxd4 f2+ 0-1

[Event "LVI C.to Torinese Assoluto"]
[Site "Torino ITA"]
[Date "2011.11.14"]
[Round "2"]
[White "Finocchiaro, Gianluca"]
[Black "Quirico, Paolo"]
[Result "1/2-1/2"]
[WhiteElo "2077"]
[BlackElo "2172"]
[PlyCount "31"]
[EventDate "2011.11.07"]

1. e4 c5 2. c3 g6 3. d4 cxd4 4. cxd4 d5 5. Nc3 dxe4 6. Bc4 Bg7 7. Qb3 e6 8. d5
exd5 9. Nxd5 Nf6 10. Bg5 O-O 11. O-O-O Nbd7 12. Kb1 Qa5 13. Bd2 Qd8 14. Bg5 Qa5
15. Bd2 Qd8 16. Bg5 1/2-1/2

[Event "LVI C.to Torinese Assoluto"]
[Site "Torino ITA"]
[Date "2011.11.14"]
[Round "2"]
[White "Gallucci, Alessio"]
[Black "Cordara, Michele"]
[Result "1-0"]
[WhiteElo "2227"]
[BlackElo "2075"]
[PlyCount "39"]
[EventDate "2011.11.07"]

1. d4 e6 2. e4 d5 3. Nc3 Nc6 4. e5 Nge7 5. Nce2 Nf5 6. c3 f6 7. exf6 Qxf6 8.
Nf3 Bd6 9. Bg5 Qf7 10. Qd2 h6 11. Bf4 g5 12. Be5 Rf8 13. Bxd6 Nxd6 14. Ng3 Ne4
15. Qe3 e5 16. Bb5 Kd8 17. Bxc6 exd4 18. Nxd4 Qg6 19. Bxd5 Nxg3 20. O-O-O 1-0

[Event "LVI C.to Torinese Assoluto"]
[Site "Torino ITA"]
[Date "2011.11.14"]
[Round "2"]
[White "Giacometto, Mario"]
[Black "Cortese, Alessandro"]
[Result "0-1"]
[WhiteElo "1997"]
[BlackElo "2003"]
[PlyCount "48"]
[EventDate "2011.11.07"]

1. e4 e6 2. d4 d5 3. e5 c5 4. c3 Nc6 5. Nf3 Qb6 6. a3 Nh6 7. b4 cxd4 8. cxd4
Nf5 9. Be3 Bd7 10. g4 Nxe3 11. fxe3 Be7 12. Bd3 f6 13. exf6 gxf6 14. g5 e5 15.
b5 Na5 16. gxf6 Bxf6 17. Nxe5 O-O-O 18. Nf7 Rde8 19. Qc2+ Kb8 20. Nxh8 Qxd4 21.
Ra2 Rxe3+ 22. Be2 Bh4+ 23. Kf1 Bh3+ 24. Kg1 Rxe2# 0-1

[Event "LVI C.to Torinese Assoluto"]
[Site "Torino ITA"]
[Date "2011.11.14"]
[Round "2"]
[White "Macheda, Andrea"]
[Black "Musso, Maurizio"]
[Result "1/2-1/2"]
[WhiteElo "1903"]
[BlackElo "2023"]
[PlyCount "38"]
[EventDate "2011.11.07"]

1. d4 e6 2. c4 f5 3. g3 Nf6 4. Bg2 c6 5. d5 cxd5 6. cxd5 e5 7. Nf3 Qa5+ 8. Nc3
Bb4 9. O-O Bxc3 10. bxc3 e4 11. Nh4 d6 12. c4 O-O 13. Bh3 Qc3 14. Bf4 Ne8 15.
e3 Na6 16. Qh5 g6 17. Rac1 Qf6 18. Qh6 Qg7 19. Qg5 Qf6 1/2-1/2

[Event "LVI C.to Torinese Assoluto"]
[Site "Torino ITA"]
[Date "2011.11.14"]
[Round "2"]
[White "Mantovan, Giuseppe"]
[Black "Di Chiara, Mauro"]
[Result "1/2-1/2"]
[WhiteElo "1852"]
[BlackElo "1980"]
[PlyCount "99"]
[EventDate "2011.11.07"]

1. d4 d6 2. c4 Nf6 3. Nc3 g6 4. e4 Bg7 5. f4 O-O 6. Nf3 c5 7. d5 e6 8. Be2 exd5
9. exd5 Bg4 10. O-O Nbd7 11. Bd3 Re8 12. Bd2 a6 13. a4 Nh5 14. h3 Bxf3 15. Qxf3
Qh4 16. g4 Ng3 17. Be1 Bd4+ 18. Kg2 Re3 19. Bxg3 Rxf3 20. Bxh4 Rxd3 21. Rad1
Rxd1 22. Nxd1 Re8 23. Re1 Rxe1 24. Bxe1 f5 25. Kf3 Kf7 26. Bh4 Nf6 27. Bxf6
fxg4+ 28. hxg4 Kxf6 29. Ke4 h5 30. Kf3 Ke7 31. Kg3 hxg4 32. Kxg4 Kf6 33. a5 Kf7
34. f5 Bf6 35. Nc3 Bxc3 36. bxc3 Kf6 37. fxg6 Kxg6 38. Kf4 Kf6 39. Ke4 Kg5 40.
Kf3 Kf5 41. Ke3 Ke5 42. Kf3 Kf6 43. Kf4 Ke7 44. Kg5 Kd7 45. Kf4 b6 46. axb6 a5
47. Ke4 Kc8 48. Kd3 Kb7 49. Kc2 Kxb6 50. Kb3 1/2-1/2

[Event "LVI C.to Torinese Assoluto"]
[Site "Torino ITA"]
[Date "2011.11.14"]
[Round "2"]
[White "Mazzetta, Renato"]
[Black "Manni, Stefano"]
[Result "1-0"]
[WhiteElo "1939"]
[BlackElo "2047"]
[PlyCount "54"]
[EventDate "2011.11.07"]

1. e4 d5 2. exd5 Qxd5 3. Nc3 Qd6 4. d4 Nf6 5. Nf3 a6 6. g3 b5 7. Bf4 Qb6 8. Bg2
Bb7 9. O-O e6 10. Re1 Bd6 11. Bxd6 cxd6 12. d5 e5 13. Nd4 O-O 14. Nf5 Nbd7 15.
Qd2 g6 16. Qg5 Kh8 17. Nh6 b4 18. Ne4 Nxe4 19. Rxe4 Rac8 20. Qe7 Kg7 21. Rh4
Nf6 22. Ng4 Nxg4 23. Rxg4 Rxc2 24. Rf1 Rfc8 25. h4 Rxf2 26. Rxf2 Rc2 27. Qxf7+
Kh6 1-0

[Event "LVI C.to Torinese Assoluto"]
[Site "Torino ITA"]
[Date "2011.11.14"]
[Round "2"]
[White "Pepino, Enrico"]
[Black "Sorcinelli, Francesco"]
[Result "0-1"]
[WhiteElo "2141"]
[BlackElo "2118"]
[PlyCount "74"]
[EventDate "2011.11.07"]

1. d4 c5 2. d5 g6 3. c4 Bg7 4. e4 d6 5. Nc3 Na6 6. h3 Nc7 7. Nf3 Nf6 8. Bd3 O-O
9. O-O Nd7 10. Qe2 a6 11. a4 e5 12. dxe6 Nxe6 13. Nd5 Ne5 14. Rb1 Bd7 15. b3 b5
16. cxb5 axb5 17. axb5 Nxf3+ 18. Qxf3 Nd4 19. Qg3 Bxb5 20. Bxb5 Nxb5 21. Bg5 f6
22. Be3 f5 23. Bg5 Nd4 24. Rfe1 Qa5 25. Qxd6 fxe4 26. Rxe4 Rxf2 27. Ne7+ Kh8
28. Rbe1 Qa2 29. Rg4 Nf5 30. Nxf5 Rxf5 31. Rge4 Qf2+ 32. Kh1 Rxg5 33. R4e2 Qf8
34. Qd7 Rf5 35. Re8 Rf1+ 36. Kh2 Rxe1 37. Rxf8+ Rxf8 0-1

[Event "LVI C.to Torinese Assoluto"]
[Site "Torino ITA"]
[Date "2011.11.21"]
[Round "3"]
[White "Barbiso, Tiziana"]
[Black "Gallucci, Alessio"]
[Result "1/2-1/2"]
[WhiteElo "2047"]
[BlackElo "2227"]
[PlyCount "119"]
[EventDate "2011.11.07"]

1. e4 c6 2. d4 d5 3. exd5 cxd5 4. c3 Nf6 5. Bf4 Qb6 6. Qc2 Nc6 7. Nd2 e5 8.
Bxe5 Nxe5 9. dxe5 Ng4 10. Ndf3 Bf5 11. Qa4+ Bd7 12. Qc2 Bc5 13. Nh3 f6 14. b4
Bxf2+ 15. Nxf2 Qe3+ 16. Be2 Qxf2+ 17. Kd2 Qe3+ 18. Ke1 Qf2+ 19. Kd2 O-O 20. Qd3
Kh8 21. h3 Nxe5 22. Nxe5 fxe5 23. g4 Qf4+ 24. Qe3 Rac8 25. Qxf4 Rxf4 26. Raf1
g5 27. Bd3 Kg7 28. a3 h6 29. Re1 Kf6 30. Re3 e4 31. Be2 Ke5 32. Rg3 Ba4 33. Rc1
Rf2 34. Ke3 Rcf8 35. Rh1 Bb3 36. h4 Bc4 37. Bxc4 dxc4 38. hxg5 hxg5 39. Rh5
R8f3+ 40. Rxf3 Rxf3+ 41. Kd2 Kf4 42. Rh7 Rf2+ 43. Ke1 Ra2 44. Rxb7 Rxa3 45. b5
Kxg4 46. Kd2 Kf4 47. Rf7+ Kg3 48. Rc7 Kf3 49. Rf7+ Kg3 50. Rb7 Ra2+ 51. Ke3 Rc2
52. Rxa7 Rxc3+ 53. Kxe4 Rc1 54. Rg7 g4 55. b6 Rb1 56. b7 Kh3 57. Kd4 g3 58.
Kxc4 g2 59. Kd5 Rxb7 60. Rxb7 1/2-1/2

[Event "LVI C.to Torinese Assoluto"]
[Site "Torino ITA"]
[Date "2011.11.21"]
[Round "3"]
[White "Cordara, Michele"]
[Black "Ravazzolo, Gaia"]
[Result "1-0"]
[WhiteElo "2075"]
[BlackElo "1738"]
[PlyCount "89"]
[EventDate "2011.11.07"]

1. Nf3 d5 2. b3 Bf5 3. Bb2 Nd7 4. g3 Ngf6 5. Bg2 c6 6. d3 Qc7 7. O-O e5 8. c4
d4 9. a3 a5 10. e4 Bg4 11. Qc2 Bd6 12. Nbd2 O-O 13. h3 Be6 14. Ng5 Rac8 15.
Nxe6 fxe6 16. h4 Qd8 17. Bh3 Qe7 18. Nf3 Ne8 19. Qe2 Nc7 20. Nh2 Qf7 21. Bc1
Qg6 22. Bd2 b6 23. b4 a4 24. c5 bxc5 25. bxc5 Bxc5 26. Rfc1 Nb5 27. h5 Qf6 28.
Ng4 Qe7 29. Rxc5 Nxc5 30. Bb4 Nc7 31. Nxe5 N7a6 32. Qg4 Rf6 33. f4 Qe8 34. Qd1
Nb3 35. Ra2 Nxb4 36. axb4 Ra8 37. Bg4 Qc8 38. Qc2 c5 39. b5 Rf8 40. Qc4 Re8 41.
Rxa4 Na5 42. Qa2 Nb7 43. Bxe6+ Qxe6 44. Qxe6+ Rxe6 45. Rxa8+ 1-0

[Event "LVI C.to Torinese Assoluto"]
[Site "Torino ITA"]
[Date "2011.11.21"]
[Round "3"]
[White "Cortese, Alessandro"]
[Black "Castaldo, Folco"]
[Result "0-1"]
[WhiteElo "2003"]
[BlackElo "2420"]
[PlyCount "60"]
[EventDate "2011.11.07"]

1. d4 f5 2. g3 Nf6 3. Bg2 e6 4. Nf3 Be7 5. O-O O-O 6. c4 d6 7. Nc3 a5 8. b3 Qe8
9. Bb2 Bd8 10. Ne1 e5 11. dxe5 dxe5 12. Nd5 c6 13. Nxf6+ Bxf6 14. Qc2 Na6 15.
Nd3 f4 16. Be4 Qh5 17. Ba3 Re8 18. Nc5 Nb4 19. Qd2 Bg5 20. Bf3 Qh6 21. Qc3 fxg3
22. hxg3 Bd2 23. Qb2 Be3 24. Ne4 Bd4 25. Nc3 e4 26. Bg2 Qf6 27. Rac1 e3 28. f3
Bf5 29. Rfd1 Rad8 30. Rf1 Bxc3 0-1

[Event "LVI C.to Torinese Assoluto"]
[Site "Torino ITA"]
[Date "2011.11.21"]
[Round "3"]
[White "Di Chiara, Mauro"]
[Black "Giacometto, Mario"]
[Result "1-0"]
[WhiteElo "1980"]
[BlackElo "1997"]
[PlyCount "63"]
[EventDate "2011.11.07"]

1. d4 d5 2. Nf3 Nf6 3. c4 e6 4. Nc3 Be7 5. e3 c6 6. Bd3 a6 7. e4 dxc4 8. Bxc4
b5 9. Bd3 c5 10. e5 Nd5 11. O-O Bb7 12. dxc5 Nxc3 13. bxc3 Qd5 14. a4 g5 15.
Re1 g4 16. axb5 gxf3 17. c6 Nxc6 18. bxc6 Qxc6 19. Be4 Qc7 20. Qa4+ Kd8 21.
Rd1+ Kc8 22. Rb1 Bxe4 23. Qxe4 Rb8 24. Rxb8+ Kxb8 25. Be3 Rd8 26. Rb1+ Kc8 27.
Qxf3 Rd5 28. c4 Rd3 29. Qa8+ Kd7 30. Qe4 Ra3 31. g3 Ke8 32. Qa8+ 1-0

[Event "LVI C.to Torinese Assoluto"]
[Site "Torino ITA"]
[Date "2011.11.21"]
[Round "3"]
[White "Faraoni, Enrico"]
[Black "Cavaliere, Simone"]
[Result "0-1"]
[WhiteElo "2109"]
[BlackElo "1859"]
[PlyCount "45"]
[EventDate "2011.11.07"]

1. d4 Nf6 2. Nc3 c5 3. Bg5 cxd4 4. Qxd4 Nc6 5. Qa4 d6 6. O-O-O Bd7 7. e4 a6 8.
Bxf6 gxf6 9. Nf3 e6 10. Qc4 Qa5 11. Kb1 Rc8 12. Be2 b5 13. Qb3 Qc7 14. Nd5 exd5
15. exd5 Na5 16. Qe3+ Kd8 17. Nd4 Nc4 18. Qf4 Be7 19. Rhe1 Nxb2 20. Nc6+ Bxc6
21. Kxb2 Bxd5 22. c4 Be6 23. Bd3 {seguito non leggibile} 0-1

[Event "LVI C.to Torinese Assoluto"]
[Site "Torino ITA"]
[Date "2011.11.21"]
[Round "3"]
[White "Manni, Stefano"]
[Black "Macheda, Andrea"]
[Result "1/2-1/2"]
[WhiteElo "2047"]
[BlackElo "1903"]
[PlyCount "144"]
[EventDate "2011.11.07"]

1. e4 c5 2. c3 g6 3. d4 cxd4 4. cxd4 d5 5. e5 Nc6 6. Nc3 Nh6 7. Bb5 Bg7 8. Qa4
Qd7 9. Nge2 O-O 10. Nf4 e6 11. Nd3 Nf5 12. Bxc6 bxc6 13. Bg5 f6 14. exf6 Bxf6
15. Bxf6 Rxf6 16. O-O Qe7 17. Rfe1 Bd7 18. Ne5 Be8 19. Rad1 c5 20. Qa3 Rc8 21.
dxc5 Qxc5 22. Qxc5 Rxc5 23. Ng4 Rf8 24. Rxe6 Bf7 25. Re5 Rb8 26. Re2 d4 27. Ne4
d3 28. Red2 Rc2 29. Rxd3 Rcxb2 30. Rd7 Rb1 31. h3 Rxd1+ 32. Rxd1 Bxa2 33. Rd7
Bf7 34. Rxa7 Rb1+ 35. Kh2 Rb8 36. Ne5 Rf8 37. Nf6+ Kg7 38. Nxh7 Kxh7 39. Rxf7+
Rxf7 40. Nxf7 Kg7 41. Ne5 Kf6 42. Nd3 Nd6 43. g4 g5 44. f3 Ke6 45. Kg3 Nf7 46.
Nf2 Kf6 47. Ne4+ Kg6 48. Kf2 Ne5 49. Ke3 Nc4+ 50. Kd4 Nb6 51. Ke5 Nc4+ 52. Ke6
Ne3 53. Nf2 Ng2 54. Nd3 Ne3 55. Ne5+ Kg7 56. Nd3 Kg6 57. Ke5 Nc4+ 58. Ke6 Ne3
59. Ne1 Nc4 60. Kd5 Nb6+ 61. Ke4 Nd7 62. Ng2 Nc5+ 63. Kd4 Ne6+ 64. Ke5 Nc5 65.
h4 gxh4 66. Nxh4+ Kg5 67. Nf5 Nd3+ 68. Kd4 Nf2 69. Ne3 Kf4 70. Ng2+ Kxf3 71. g5
Kxg2 72. g6 Ng4 1/2-1/2

[Event "LVI C.to Torinese Assoluto"]
[Site "Torino ITA"]
[Date "2011.11.21"]
[Round "3"]
[White "Musso, Maurizio"]
[Black "Mantovan, Giuseppe"]
[Result "0-1"]
[WhiteElo "2023"]
[BlackElo "1852"]
[PlyCount "70"]
[EventDate "2011.11.07"]

1. e4 e6 2. d4 d5 3. Nc3 Nf6 4. e5 Nfd7 5. Nce2 c5 6. c3 Nc6 7. f4 Qb6 8. Nf3
Be7 9. g3 O-O 10. Bh3 cxd4 11. cxd4 Bb4+ 12. Bd2 Qa5 13. Nc3 Qa6 14. a3 Be7 15.
Bf1 Qb6 16. Na4 Qd8 17. Bh3 Nb6 18. O-O Bd7 19. Nc3 Nc4 20. b4 Rc8 21. Ne2 b5
22. Qb3 Qb6 23. Be3 a5 24. bxa5 N6xa5 25. Qd3 Nb2 26. Qb1 Nbc4 27. Bc1 b4 28.
Ng5 g6 29. f5 Bxg5 30. Bxg5 exf5 31. Bf6 Nd2 32. Qd3 Ne4 33. Be7 Bb5 34. Qe3
Bxe2 35. axb4 Nc4 0-1